Genie de l'architecture europeenne

Đã lưu trong:
Chi tiết về thư mục
Tác giả chính: Pevsner, Nikolaus (Tác giả)
Định dạng: Sách
Ngôn ngữ:Tiếng Pháp
Được phát hành: París Tallandier 1965
Những chủ đề:
Các nhãn: Thêm thẻ
Không có thẻ, Là người đầu tiên thẻ bản ghi này!

MARC

LEADER 00000nam a2200000 a 4500
001 UCY4724
003 CL-VaPUC
008 950328e19650000FR |||||||||||||||||fre|d
082 0 4 |a 720.9  |b PEV  |2 21 
100 0 |a Pevsner, Nikolaus  |e author  |9 333202 
245 1 0 |a Genie de l'architecture europeenne 
300 |a 430 p 
942 |c BK 
945 |d 19950328 00:00:00  |a mfernand 
260 |a París  |b Tallandier  |c 1965 
650 0 |a Arquitectura   |v Historia   |9 265705 
583 |a last modification  |c 19950328 00:00:00  |k Rodrigo Vera 
999 |c 232497  |d 232495 
952 |0 0  |1 0  |2 ddc  |4 0  |6 720_900000000000000_PEV_1965  |7 0  |8 A  |9 237138  |a BIBARQ  |b BIBARQ  |c PAC  |d 2019-11-15  |i 3071863  |o 720.9 PEV 1965  |p 3071863  |r 2025-01-20  |w 2019-11-15  |y BK  |k ARQ